000 00651nam a2200205Ia 4500
003 GCL
005 20240530103245.0
008 140319s9999 xx 000 0 ara d
040 _aGCL /
_cGCL
082 0 4 _a510
_bم ت
100 1 _aمصطفى احمد الجندى
245 1 0 _aالتحليل المركب والمتجه /
_cمصطفى احمد الجندى
260 _a[S.N] :
_bدار الراتب الجامعية
300 _a247 ص
490 _aسلسلة مجموعات كتب الرياضيات
_v0
650 0 4 _aالتحليل الرياضى
650 0 4 _aالجبر
650 0 4 _aالتحليل العددى
942 _2ddc
_cBK
999 _c37928
_d37928